Normal view
MARC view
- Gore Martin L.
Entry Personal Name
001 - CONTROL NUMBER
- control field: 26600
003 - CONTROL NUMBER IDENTIFIER
- control field: IT-RoPau
005 - DATE AND TIME OF LATEST TRANSACTION
- control field: 20140524112553.0
008 - FIXED-LENGTH DATA ELEMENTS
- fixed length control field: 140524|| aca||aabn | a|a d
040 ## - CATALOGING SOURCE
- Original cataloging agency: IT-RoPau
- Transcribing agency: IT-RoPau
100 ## - HEADING--PERSONAL NAME
- Personal name: Gore Martin L.
- Dates associated with a name: Codice autore musica SPICS: 21807
- Relator term: Autore musica
- Name of part/section of a work: Enjoy the Silence
670 ## - SOURCE DATA FOUND
- Source citation: Work cat.: (IT-RoPau)99713: AA.VV. 794, Tie Up